000 00239nam a22000977a 4500
008 240220b |||||||| |||| 00| 0 eng d
082 _aAN
_bBROA1
100 1 0 _aBrown, Dan
_eautor
_9785
245 _aAngels & Demons /
_cDan Brown
942 _2ddc
999 _c30667
_d17051